000 00314nam a2200121Ia 4500
008 241028s9999 xx 000 0 und d
041 _aeng
082 _a331.702 ALI
100 _aDummies
245 _aCareer Development All-In-One For Dummies
260 _bWiley India
_aNew Delhi
_c2017
300 _a650;. P. 23 cm
999 _c43086
_d43086